| 000 | 00832nam a2200205Ii 4500 | ||
|---|---|---|---|
| 003 | JO-AjNU | ||
| 008 | 230605s9999||||xx |||||||||||||| ||und|| | ||
| 040 |
_aJO-AjNU _bara _erda _cJO-AjNU |
||
| 041 | _aara | ||
| 050 | 1 | 4 | _aE843.Q7112 1986 |
| 100 | 3 |
_aغروميكو،أ، م. مشارك كوكوشين، أ؛ ترجمة علاء الدين، ماجد، ترجمة المجيد، شحادة العبد, _eauthor _98924 |
|
| 245 | 0 | 0 | _aالأخوة كينيدي |
| 250 | _aط1 | ||
| 264 | 3 | 1 | _aماجد علاء الدين، 1986 |
| 300 |
_a426ص _bصور توضيحية |
||
| 336 |
_atext _btxt _2rdacontent |
||
| 337 |
_aunmediated _bn _2rdamedia |
||
| 338 |
_avolume _bnc _2rdacarrier |
||
| 650 | 4 |
_aرجال الدولة-الولايات المتحدة الامريكية-ملوك وحكام-جون كينيدي 1917-1963 _98925 |
|
| 999 |
_aA1036 _c4604 _d4604 |
||